书目信息 |
| 题名: |
理性与价值:智慧的历程
|
|
| 作者: | 杨国荣 著 | |
| 分册: | ||
| 出版信息: | 上海 生活·读书·新知三联书店上海分店 1998.05 |
|
| 页数: | 460页 | |
| 开本: | 32开 | |
| 丛书名: | ||
| 单 册: | ||
| 中图分类: | B1 | |
| 科图分类: | ||
| 主题词: | 哲学--世界 | |
| 电子资源: | ||
| ISBN: | 7-5426-1069-4 | |
| 000 | 00573nam0 2200193 45 | |
| 001 | 0104161508 | |
| 005 | 20010416150337.6 | |
| 010 | @a7-5426-1069-4@d22.50元 | |
| 100 | @a20010416d1998 km y0chiy0120 ea | |
| 101 | 0 | @achi |
| 105 | @a z 000yy | |
| 200 | 1 | @a理性与价值:智慧的历程@ALi Xing Yu Jia Zhi:Zhi Hui De Li Cheng@f杨国荣著@FYang Guo Rong Zhu |
| 210 | @a上海@c生活·读书·新知三联书店上海分店@d1998.05 | |
| 215 | @a460页@d32开 | |
| 606 | 0 | @a哲学@x世界 |
| 690 | @aB1@v3 | |
| 701 | 0 | @a杨国荣@4著 |
| 801 | @aCN@bPftUser@c20010416 | |
| 905 | @b338818-819@dB1@eY731@f2 | |
| 理性与价值:智慧的历程/杨国荣著.-上海:生活·读书·新知三联书店上海分店,1998.05 |
| 460页;32开 |
| ISBN 7-5426-1069-4:22.50元 |
| ● |
| 相关链接 |
|
|
|
正题名:理性与价值:智慧的历程
索取号:B1/Y731
 
预约/预借
| 序号 | 登录号 | 条形码 | 馆藏地/架位号 | 状态 | 备注 |
| 1 | 338818 | 203388182 | 社科库509/409社科库 66排3列1层/ [索取号:B1/Y731] | 在馆 | |
| 2 | 338819 | 203388191 | 社科库509/509社科库 8排2列3层/ [索取号:B1/Y731] | 在馆 |